[Event "33rd Leon Blitz Open 2020"]
[Site "chess.com INT"]
[Date "2020.07.14"]
[Round "1"]
[White "Gabdrakhmanov, Azat"]
[Black "Lopez Idarraga, Daniel Eduardo"]
[Result "0-1"]
[WhiteTitle "FM"]
[BlackTitle "FM"]
[WhiteElo "2328"]
[BlackElo "2009"]
[WhiteFideId "34189197"]
[BlackFideId "4405501"]
[EventDate "2020.07.14"]
[EventType "blitz"]

1. e4 c5 2. Nf3 g6 3. c3 Bg7 4. d4 cxd4 5. cxd4 d5 6. e5 Nh6 7. Nc3 O-O 8. Be2
Nc6 9. h3 Bf5 10. O-O Kh8 11. Be3 Be4 12. Nd2 Nf5 13. Ndxe4 dxe4 14. Nxe4 Nfxd4
15. f4 f6 16. exf6 exf6 17. Bd3 Re8 18. Bf2 Nf5 19. Re1 Qc7 20. Qg4 Rad8 21.
Rad1 Re7 22. Nc5 Rde8 23. Rxe7 Ncxe7 24. Ne6 Qc6 25. Nxg7 Kxg7 26. Re1 Rd8 27.
Be4 Qb5 28. Qe2 Qxe2 29. Rxe2 b6 30. Bc2 Nd5 31. Rd2 Nfe7 32. Bb3 Kf8 33. Bh4
Kf7 34. Kf2 Rd7 35. g4 b5 36. Bg3 Kg7 37. Kf3 Nb6 38. Rxd7 Nxd7 39. Bf2 a6 40.
a4 Nc6 41. axb5 axb5 42. Ke4 Kf8 43. Kd5 Nb4+ 44. Ke6 Ke8 45. g5 fxg5 46. fxg5
Nd3 47. Be3 N3c5+ 48. Kd5 Nxb3 49. Kc6 b4 50. Kb5 Ke7 51. Kc4 Na1 52. Kxb4 Nc2+
53. Kc3 Nxe3 54. Kd4 Nf5+ 55. Kd5 Nf8 56. b4 Ne6 57. h4 Nxh4 58. Kc6 Nf3 59. Kd5
Nfxg5 60. b5 Nc7+ 61. Kc6 Nxb5 62. Kxb5 Ke6 0-1

[Event "33rd Leon Blitz Open 2020"]
[Site "chess.com INT"]
[Date "2020.07.14"]
[Round "1"]
[White "Bujisho, Benjamin"]
[Black "Perez Molina, Robinson"]
[Result "1-0"]
[WhiteTitle "IM"]
[BlackTitle "FM"]
[WhiteElo "2290"]
[BlackElo "2240"]
[WhiteFideId "608610"]
[BlackFideId "3403882"]
[EventDate "2020.07.14"]
[EventType "blitz"]

1. d4 Nf6 2. Bf4 d5 3. e3 c6 4. Bd3 Qb6 5. Qc1 c5 6. c3 Nc6 7. Nd2 e6 8. Ngf3
Bd7 9. O-O Rc8 10. a3 Be7 11. h3 O-O 12. Qb1 h6 13. Bg3 cxd4 14. exd4 Na5 15.
Re1 Bb5 16. Bc2 Nc4 17. Nxc4 Bxc4 18. Ne5 Bb5 19. Qd1 Nd7 20. Nxd7 Bxd7 21. Qd3
f5 22. Rab1 Bd6 23. Bxd6 Qxd6 24. Re5 b5 25. Rbe1 a5 26. g4 g6 27. h4 b4 28.
axb4 axb4 29. R1e3 bxc3 30. bxc3 Rf7 31. h5 Rg7 32. hxg6 Rxg6 33. Rg3 Rxg4 34.
Rxg4+ fxg4 35. Qh7+ Kf8 36. Qxh6+ Ke8 37. Qf6 Qe7 38. Qh8+ Qf8 39. Qh4 Qe7 40.
Qh8+ Qf8 41. Bg6+ Ke7 42. Qh4+ Qf6 43. Qh7+ Kd6 44. Re3 Qf4 45. Qh2 Qxh2+ 46.
Kxh2 Rg8 47. Bc2 Bc6 48. Kg3 Bd7 49. Bd1 Ra8 50. Bxg4 Ra1 51. Be2 Rc1 52. Kf4
Bc8 53. Rg3 Bd7 54. Re3 Bc8 55. Bg4 Bd7 56. Kg5 Rf1 57. f3 Rg1 58. Kf6 Rf1 59.
Bxe6 Bc6 60. Bg4 Rf2 61. Kg5 Ba4 62. f4 Bc2 63. f5 Rg2 64. Kf4 Rf2+ 65. Kg3 Rd2
66. f6 Bg6 67. Kf4 Bf7 68. Re7 Rf2+ 69. Kg5 Bg8 70. Ra7 Rg2 71. f7 Bxf7 72. Rxf7
Rc2 73. Rf3 1-0

[Event "33rd Leon Blitz Open 2020"]
[Site "chess.com INT"]
[Date "2020.07.14"]
[Round "1"]
[White "Swayams, Mishra"]
[Black "Tarasova, Viktoriya"]
[Result "1-0"]
[WhiteTitle "GM"]
[BlackTitle "WIM"]
[WhiteElo "2489"]
[BlackElo "2226"]
[WhiteFideId "5028183"]
[BlackFideId "4175840"]
[EventDate "2020.07.14"]
[EventType "blitz"]

1. d4 Nf6 2. Bf4 e6 3. Nf3 b6 4. Nbd2 Bb7 5. e3 c5 6. Bd3 Nc6 7. c3 Be7 8. Qe2
d5 9. Ne5 O-O 10. g4 Nxe5 11. Bxe5 Ne4 12. f3 Nxd2 13. Kxd2 Bd6 14. Bxd6 Qxd6
15. f4 cxd4 16. cxd4 Qb4+ 17. Kd1 Rac8 18. Qd2 Qe7 19. h4 f6 20. Ke2 e5 21. Kf2
Rc7 22. Rac1 Rfc8 23. Rxc7 Rxc7 24. Rc1 Rxc1 25. Qxc1 exd4 26. exd4 Qb4 27. Qc3
Qxc3 28. bxc3 h6 29. g5 hxg5 30. fxg5 fxg5 31. hxg5 Kf7 32. Ke3 Ke6 33. Kf4 Bc6
34. Bf5+ Kd6 35. Bc8 Be8 36. Kf5 a5 37. Ba6 Bh5 38. a3 Be8 39. Be2 Bf7 40. Bb5
Bh5 41. Ba4 Bf7 42. Bd1 Be8 43. Be2 Bf7 44. Bd3 Be8 45. Kf4 Bf7 46. Bb5 Bh5 47.
Bd3 Be8 48. Bf5 Bf7 49. Ke3 Be8 50. Kd3 Bf7 51. Kd2 Ke7 52. Kc2 Kd6 53. Kb3 Be8
54. Bc8 Bc6 55. Bg4 Be8 56. Bf5 Bc6 57. Bg6 Bd7 58. Bf7 Bc6 59. Kc2 Ke7 60. Bg8
Kf8 61. Bh7 Ke7 62. Kd3 Kd6 63. Ke3 Bd7 64. Kf4 Be6 65. Bg6 Bd7 66. Bf7 Bc6 67.
Kf5 Ke7 68. Bg8 Kf8 69. Be6 Ke7 70. Ke5 Be8 71. Bxd5 b5 72. Be6 Kd8 73. Kd6 Bg6
74. Bd5 Bd3 75. Bc6 Be2 76. Kc5 b4 77. cxb4 axb4 78. axb4 Kc7 79. b5 1-0

[Event "33rd Leon Blitz Open 2020"]
[Site "chess.com INT"]
[Date "2020.07.14"]
[Round "1"]
[White "Fakhrutdinov, Timur"]
[Black "Priyanka, K"]
[Result "1-0"]
[WhiteTitle "FM"]
[BlackTitle "WIM"]
[WhiteElo "2501"]
[BlackElo "2218"]
[WhiteFideId "24176702"]
[BlackFideId "5082986"]
[EventDate "2020.07.14"]
[EventType "blitz"]

1. e4 c5 2. Nf3 d6 3. d4 cxd4 4. Nxd4 Nf6 5. Nc3 a6 6. Be2 e5 7. Nb3 Be6 8. O-O
Nbd7 9. f4 Rc8 10. f5 Bc4 11. Bxc4 Rxc4 12. Qd3 b5 13. a4 Be7 14. axb5 axb5 15.
Be3 O-O 16. Na5 Nc5 17. Bxc5 Rxc5 18. b4 Rxc3 19. Qxc3 Nxe4 20. Qe3 d5 21. Nc6
Bg5 22. Qa7 Qd6 23. Ra6 Kh8 24. Qb6 Qh6 25. Rf3 d4 26. Nxe5 Be3+ 27. Kh1 Nf2+
28. Rxf2 Qxb6 29. Rxb6 Bxf2 30. Rxb5 h6 31. g3 Re8 32. Kg2 Be3 33. Nxf7+ Kg8 34.
Nd6 Rd8 35. Nc4 Bg5 36. Kf3 Rc8 37. Rc5 Rxc5 38. bxc5 Kf7 39. Ke4 Bf6 40. Nd6+
Ke7 41. Nb5 Kd7 42. Nxd4 Kc7 43. Kd5 Kd7 44. Ne6 Be7 45. c6+ Kc8 46. Nxg7 Bf6
47. Ne8 Be7 48. f6 Bf8 49. Ng7 h5 50. Ne6 Bb4 51. f7 Kb8 52. Nc5 1-0

[Event "33rd Leon Blitz Open 2020"]
[Site "chess.com INT"]
[Date "2020.07.14"]
[Round "1"]
[White "Bauer, Christian"]
[Black "Hejazipour, Mitra"]
[Result "1/2-1/2"]
[WhiteTitle "GM"]
[BlackTitle "WGM"]
[WhiteElo "2623"]
[BlackElo "2300"]
[WhiteFideId "603767"]
[BlackFideId "12505951"]
[EventDate "2020.07.14"]
[EventType "blitz"]

1. e4 c5 2. Nf3 d6 3. c3 Nf6 4. h3 Nc6 5. Bd3 e5 6. Bc2 Be7 7. d4 cxd4 8. cxd4
O-O 9. Nc3 a6 10. d5 Nb8 11. O-O Nbd7 12. Be3 Nb6 13. Bd2 Bd7 14. b3 Rc8 15. a4
Ne8 16. a5 Na8 17. Bd3 f5 18. exf5 Bxf5 19. Bxf5 Rxf5 20. Qe2 Qd7 21. Rfc1 Nec7
22. Be3 Rcf8 23. Nd2 Ne8 24. Nc4 Bg5 25. Bxg5 Rxg5 26. Ne4 Rg6 27. Kh2 Nac7 28.
Nb6 Qf7 29. Rd1 Qf4+ 30. g3 Qf5 31. Kg2 Nb5 32. Ra4 Nd4 33. Raxd4 exd4 34. Rxd4
Nc7 35. Nc4 Nb5 36. Rd3 Qd7 37. h4 Qf7 38. Ng5 Qf6 39. Qe6+ Kh8 40. Qxf6 Rgxf6
41. f4 Rd8 42. Ne6 Re8 43. Kf3 h6 44. h5 Rf5 45. g4 Rxd5 46. Rxd5 Rxe6 47. g5
hxg5 48. fxg5 Kg8 49. Kf4 Kf7 50. Rf5+ Ke7 51. Ne3 Nd4 52. Rd5 Nxb3 53. Nf5+ Kf8
54. Nxd6 Nxa5 55. Nf5 Nc6 56. Rd7 g6 57. hxg6 Rxg6 58. Rxb7 Re6 59. Rc7 Ne7 60.
Nxe7 Rxe7 61. Rc8+ Kg7 62. Kf5 Rf7+ 63. Kg4 Ra7 64. Rc4 a5 65. Ra4 Kg6 66. Kf4
Ra6 67. Ke5 Kxg5 68. Kd5 Kf5 69. Kc5 Ra8 70. Kb5 Rb8+ 71. Kxa5 Ra8+ 72. Kb5 Rxa4
73. Kxa4 1/2-1/2

[Event "33rd Leon Blitz Open 2020"]
[Site "chess.com INT"]
[Date "2020.07.14"]
[Round "1"]
[White "Nguyen, Hong Nhung"]
[Black "Golubev, Mikhail"]
[Result "1/2-1/2"]
[WhiteTitle "WCM"]
[BlackTitle "GM"]
[WhiteElo "1697"]
[BlackElo "2461"]
[WhiteFideId "12412201"]
[BlackFideId "14100983"]
[EventDate "2020.07.14"]
[EventType "blitz"]

1. e4 c5 2. Nc3 g6 3. f4 Bg7 4. Nf3 Nc6 5. Bc4 e6 6. O-O Nge7 7. d3 d5 8. Bb3
dxe4 9. dxe4 Qxd1 10. Rxd1 Nd4 11. Nxd4 Bxd4+ 12. Kh1 Bd7 13. Ne2 Bg7 14. c3 Bc6
15. Be3 b6 16. Bc2 O-O 17. Rd6 Rfd8 18. Rad1 Rxd6 19. Rxd6 Kf8 20. b4 cxb4 21.
cxb4 Rc8 22. Bd3 Ke8 23. Kg1 Ba4 24. Kf2 Nc6 25. Ba6 Rc7 26. a3 Bb2 27. Rd2 Nb8
28. Rxb2 Nxa6 29. Nd4 Rc3 30. Ra2 Nc7 31. Ke2 Nb5 32. Nxb5 Bxb5+ 33. Kf2 Bc6 34.
e5 Bd5 35. Ra1 Rc2+ 36. Kf1 Bxg2+ 37. Ke1 Bd5 38. Bd2 Rc4 39. Ke2 Kd7 40. Ke3
Re4+ 41. Kd3 Rc4 42. Ke3 Kc6 43. Kd3 b5 44. a4 Be4+ 45. Ke3 bxa4 46. Rxa4 Kb7
47. Ra5 Bc6 48. Rc5 Re4+ 49. Kd3 Bd5 50. Rb5+ Kc6 51. Rc5+ Kb6 52. Be3 Ka6 53.
Ra5+ Kb7 54. Rxa7+ Kc6 55. Ra6+ Kb5 56. Rb6+ Ka4 57. Rb8 Rxb4 58. Rxb4+ Kxb4 59.
Kd4 Kb5 60. Bf2 Kc6 61. Bg3 Kd7 62. Kc5 Ke7 63. Bh4+ Kf8 64. Bf6 h6 65. h4 Kg8
66. Kd6 Be4 67. Kc5 Bf5 68. Kd4 h5 69. Ke3 Kh7 1/2-1/2

[Event "33rd Leon Blitz Open 2020"]
[Site "chess.com INT"]
[Date "2020.07.14"]
[Round "1"]
[White "Mohammad, Nubairshah Shaikh"]
[Black "Przybylski, Wojciech"]
[Result "0-1"]
[WhiteTitle "IM"]
[BlackTitle "FM"]
[WhiteElo "2445"]
[BlackElo "2321"]
[WhiteFideId "5053196"]
[BlackFideId "1117599"]
[EventDate "2020.07.14"]
[EventType "blitz"]

1. d4 Nf6 2. c4 c6 3. Nc3 d5 4. Nf3 e6 5. Bg5 h6 6. Bh4 dxc4 7. e4 g5 8. Bg3 b5
9. Be2 Bb7 10. O-O Nbd7 11. Ne5 h5 12. Nxd7 Qxd7 13. Be5 Qe7 14. a4 a6 15. Re1
Bg7 16. Bxf6 Qxf6 17. e5 Qg6 18. Bf3 g4 19. Be4 f5 20. axb5 fxe4 21. bxa6 Bxa6
22. Nxe4 O-O 23. Qd2 Bb5 24. Rad1 Qf5 25. Nd6 Qf4 26. Re3 Bh6 27. Qc2 Qg5 28.
Nxc4 Qf5 29. Qxf5 Rxf5 30. Nd6 Bxe3 31. Nxf5 Bxf2+ 32. Kxf2 Rf8 33. Kg3 Rxf5 34.
Ra1 Bc4 35. Ra7 Bd5 36. b4 Rf1 37. Kh4 Rf5 38. g3 Kh8 39. Rc7 Be4 40. Re7 Bd5
41. Rc7 Kg8 42. Re7 Kf8 43. Rh7 Rf2 44. Kg5 Rxh2 45. Kf6 Rf2+ 46. Kg5 Rf5+ 47.
Kh4 Rf1 48. Rc7 Rh1+ 49. Kg5 h4 50. Kxg4 h3 51. Rh7 Be4 52. Kg5 h2 53. Rh4 Rg1
54. Rxh2 Rxg3+ 55. Kf4 Rg2 56. Rh8+ Kg7 57. Re8 Bd5 58. Rb8 Rb2 59. Kg5 Rg2+ 60.
Kf4 Rf2+ 61. Kg5 Rf5+ 62. Kg4 Rf1 63. Kg5 Rg1+ 64. Kf4 Rd1 65. Ke3 Rf1 66. Rd8
Rf3+ 67. Ke2 Rb3 68. Rb8 Kg6 69. Kd2 Kf5 70. Kc2 Ke4 71. Rd8 Rxb4 72. Kc3 Rc4+
73. Kd2 Rxd4+ 74. Ke2 Kxe5 75. Ke3 Rh4 76. Rg8 c5 77. Rg5+ Kd6 78. Rg8 c4 79.
Rd8+ Ke5 80. Rc8 Rh3+ 81. Kd2 Kd4 82. Rg8 e5 83. Kc1 Bxg8 0-1

[Event "33rd Leon Blitz Open 2020"]
[Site "chess.com INT"]
[Date "2020.07.14"]
[Round "1"]
[White "Trickov, Vasil"]
[Black "Lazavik, Denis"]
[Result "0-1"]
[WhiteTitle "IM"]
[BlackTitle "FM"]
[WhiteElo "2302"]
[BlackElo "2424"]
[WhiteFideId "311103"]
[BlackFideId "13515110"]
[EventDate "2020.07.14"]
[EventType "blitz"]

1. d4 d5 2. Nf3 Nf6 3. c4 c6 4. Nc3 dxc4 5. a4 Bf5 6. e3 e6 7. Bxc4 Bb4 8. O-O
O-O 9. Qb3 Qb6 10. Na2 Bd6 11. Bd2 Qxb3 12. Bxb3 a5 13. Nc3 Nbd7 14. Rfe1 Ne4
15. Nxe4 Bxe4 16. Bc3 Rfe8 17. Nd2 Bg6 18. e4 Bc7 19. f3 f6 20. Rad1 Bf7 21. Bc4
e5 22. Bxf7+ Kxf7 23. Nc4 exd4 24. Bxd4 Re7 25. Bf2 b5 26. Nd6+ Bxd6 27. Rxd6
Rc8 28. Rc1 bxa4 29. Rdxc6 Rxc6 30. Rxc6 Ne5 31. Ra6 Rd7 32. Be3 Nc4 33. Bc5
Rd1+ 34. Kf2 Rd2+ 35. Kg3 Rxb2 36. Ra7+ Ke8 37. Re7+ Kd8 38. Rxg7 a3 39. Be7+
Kc8 40. Bxf6 a2 41. Rg8+ Kb7 42. Rg7+ Ka6 43. Bxb2 Nxb2 44. Rxh7 a1=Q 45. Rh6+
Kb5 46. Rh5+ Kb4 47. h4 Nd3 48. Rd5 Qg7+ 49. Kh2 Nf4 50. Rg5 Qh6 51. g3 Ne2 52.
e5 a4 53. Rg4+ Kb5 54. Re4 Nc3 55. Rd4 a3 56. Rd3 a2 57. Rxc3 Qd2+ 58. Kh3 Qxc3 0-1

[Event "33rd Leon Blitz Open 2020"]
[Site "chess.com INT"]
[Date "2020.07.14"]
[Round "1"]
[White "Williams, Simon K"]
[Black "Shvedova, Alexandra"]
[Result "1-0"]
[WhiteTitle "GM"]
[BlackTitle "WFM"]
[WhiteElo "2464"]
[BlackElo "1994"]
[WhiteFideId "404454"]
[BlackFideId "54154782"]
[EventDate "2020.07.14"]
[EventType "blitz"]

1. d4 d5 2. Nc3 Nf6 3. Bf4 a6 4. e3 e6 5. g4 h6 6. h4 c5 7. g5 hxg5 8. Bxg5 Be7
9. Nf3 Nc6 10. Rg1 c4 11. Ne2 b5 12. Nf4 g6 13. Bh3 Ne4 14. Bxe7 Qxe7 15. c3 Bb7
16. Bxe6 fxe6 17. Nxg6 Qh7 18. Nxh8 Qxh8 19. Ng5 Qxh4 20. Nxe4 Qxe4 21. Qh5+ Kd7
22. Rg7+ Ne7 23. O-O-O Rf8 24. Qg5 Re8 25. Rg1 Qf3 26. Qg3 Qxg3 27. R1xg3 Kc8
28. Kd2 Nf5 29. Rg8 Rxg8 30. Rxg8+ Kc7 31. f3 Nd6 32. Rg7+ Kb6 33. a3 Nf5 34.
Rg6 Bc8 35. e4 dxe4 36. fxe4 Nd6 37. Ke3 Kc7 38. Rg7+ Bd7 39. Kf4 Ne8 40. Rf7
Nd6 41. Rh7 Ne8 42. Ke5 Nd6 43. d5 exd5 44. Kxd5 Ne8 45. e5 Kd8 46. Kc5 Be6 47.
Kb6 Bc8 48. Kc6 Be6 49. Ra7 Bc8 50. Kd5 Nc7+ 51. Kc5 Ne6+ 52. Kd6 Nf8 53. Rg7
Ke8 54. Re7+ Kd8 55. Rf7 Ne6 56. Rf6 Nc7 57. Rf7 Ne8+ 58. Kc6 Be6 59. Rh7 Bf5
60. Rh6 Bd7+ 61. Kd5 Nc7+ 62. Kc5 Ne8 63. Rxa6 Nc7 64. Rh6 Ne6+ 65. Kd6 Nc7 66.
e6 Nxe6 67. Rxe6 Bxe6 68. Kxe6 Kc7 69. Kd5 Kb6 70. Kd6 Ka5 71. Kc5 Ka4 72. Kb6
b4 73. axb4 Kb3 74. Kc5 Kxb2 75. Kxc4 1-0

[Event "33rd Leon Blitz Open 2020"]
[Site "chess.com INT"]
[Date "2020.07.14"]
[Round "1"]
[White "Chan, Yi Ren Daniel"]
[Black "Eswaran, Ashritha"]
[Result "1-0"]
[WhiteTitle "FM"]
[BlackTitle "WIM"]
[WhiteElo "2316"]
[BlackElo "2244"]
[WhiteFideId "5801583"]
[BlackFideId "2080788"]
[EventDate "2020.07.14"]
[EventType "blitz"]

1. d4 Nf6 2. Bf4 e6 3. e3 c5 4. Nf3 d5 5. Nbd2 Nc6 6. c3 Bd6 7. Bg3 O-O 8. Bd3
b6 9. Qe2 Bb7 10. Rd1 Re8 11. Ne5 Ne7 12. Qf3 Rf8 13. Bh4 Nd7 14. Qh3 f5 15.
Ndf3 Bxe5 16. dxe5 Qe8 17. O-O Ng6 18. Bg3 h6 19. Rfe1 a5 20. Bb5 Ba6 21. Bxa6
Rxa6 22. c4 dxc4 23. Rd6 Nb8 24. Nd2 b5 25. Rd1 Rxd6 26. exd6 Nd7 27. Qh5 Nge5
28. Qe2 Qb8 29. a4 bxa4 30. Nxc4 Nc6 31. h4 Qb5 32. Rc1 Rb8 33. h5 Nb6 34. Qd3
Nd7 35. Kh2 Qb3 36. Qd2 Rb4 37. Qe2 e5 38. e4 f4 39. Bh4 Nd4 40. Qf1 f3 41. g3
Rb8 42. Rc3 Qb5 43. Qd1 Rf8 44. Qc1 Ne2 45. Qc2 Nxc3 46. Qxc3 Qb3 47. Qc1 Qd3
48. Nxa5 Qxe4 49. Qd1 Qd4 50. Qc2 e4 51. Nc6 Qxd6 52. Qxe4 Nf6 53. Qxa4 Ng4+ 54.
Qxg4 Qxc6 55. Qc4+ Kh8 56. Be7 Re8 57. Bxc5 Rc8 58. b4 Qd7 59. Qf4 Qd5 60. g4
Re8 61. Bd4 Qe4 62. Qxh6+ Qh7 63. Bxg7+ Kg8 64. Qxh7+ Kxh7 65. Bd4 Rb8 66. Bc5
Kh6 67. Kg3 Rd8 68. Kxf3 Rd3+ 69. Kg2 Kg5 70. f3 Kh4 71. Bf2+ Kg5 72. Kg3 Rb3
73. Bc5 Rc3 74. Bd6 Rb3 75. Bf4+ Kf6 76. Bd2 Rb2 77. Bc3+ 1-0

[Event "33rd Leon Blitz Open 2020"]
[Site "chess.com INT"]
[Date "2020.07.14"]
[Round "1"]
[White "Hoang, Thi Bao Tram"]
[Black "Tang, Andrew"]
[Result "1/2-1/2"]
[WhiteTitle "WGM"]
[BlackTitle "GM"]
[WhiteElo "2288"]
[BlackElo "2538"]
[WhiteFideId "12401102"]
[BlackFideId "2059630"]
[EventDate "2020.07.14"]
[EventType "blitz"]

1. d4 d5 2. c4 e6 3. Nf3 Nf6 4. e3 b6 5. Bd3 Bb7 6. O-O Bd6 7. b3 O-O 8. Bb2
Nbd7 9. Nbd2 Ne4 10. cxd5 exd5 11. Ne5 Re8 12. f4 Ndf6 13. Nxe4 Nxe4 14. Qh5 Qe7
15. Bxe4 dxe4 16. Rac1 f6 17. Nc4 Rac8 18. Rc2 Qd7 19. Nxd6 cxd6 20. Rfc1 d5 21.
Qe2 Rxc2 22. Rxc2 Rc8 23. Qd2 h5 24. h3 h4 25. Ba3 Ba6 26. Rxc8+ Qxc8 27. Qe1
Qc2 28. Qxh4 Qxa2 29. Qh5 Qxa3 30. Qxd5+ Kh7 31. Qh5+ Kg8 32. Qd5+ Kf8 33. Qa8+
Kf7 34. Qd5+ Ke7 35. Qxe4+ Kd7 36. Qd5+ Qd6 37. Qf7+ Qe7 38. Qd5+ Kc7 39. Kf2
Bb7 40. Qc4+ Kd7 41. Qa4+ Kc8 42. Qc4+ Kb8 43. Qg8+ Bc8 44. d5 Kc7 45. Kf3 f5
46. g4 a5 47. Qh7 Qf6 48. Qg8 Qg6 49. g5 Bd7 50. Qa8 Qd6 51. h4 g6 52. Qg8 Bc8
53. h5 Bb7 54. e4 fxe4+ 55. Kxe4 Qe7+ 56. Kd4 Qc5+ 57. Ke5 Qe7+ 58. Kd4 gxh5 59.
g6 Qc5+ 60. Ke4 Qc2+ 61. Ke5 Qc3+ 62. Ke4 Qc2+ 63. Ke5 Qb2+ 64. Ke4 Qe2+ 65. Kf5
Qg4+ 66. Ke5 Qe2+ 67. Kf5 Qd3+ 68. Ke5 Qc3+ 69. Ke4 Qc2+ 1/2-1/2

[Event "33rd Leon Blitz Open 2020"]
[Site "chess.com INT"]
[Date "2020.07.14"]
[Round "1"]
[White "Rom, Jasper"]
[Black "Mekhitarian, Krikor Sevag"]
[Result "1/2-1/2"]
[BlackTitle "GM"]
[WhiteElo "2202"]
[BlackElo "2554"]
[WhiteFideId "2023733"]
[BlackFideId "2107660"]
[EventDate "2020.07.14"]
[EventType "blitz"]

1. e4 g6 2. d4 Bg7 3. Nc3 d6 4. Be3 a6 5. f4 b5 6. Bd3 Bb7 7. Nf3 Nf6 8. e5 Nd5
9. Bd2 c5 10. Nxd5 Bxd5 11. c3 Nc6 12. Qe2 O-O 13. Be3 cxd4 14. cxd4 dxe5 15.
fxe5 Bxf3 16. Qxf3 Nxd4 17. Qe4 Nf5 18. Bf4 Qd4 19. Qxd4 Nxd4 20. O-O Rfd8 21.
Rad1 Rac8 22. Rfe1 Ne6 23. Bg3 Rd5 24. Be4 Rxd1 25. Rxd1 Rd8 26. Rxd8+ Nxd8 27.
Bd5 Kf8 28. Kf2 Ke8 29. Ke3 e6 30. Ba8 Kd7 31. Ke4 h5 32. Bf4 Nc6 33. a3 Kc7 34.
Bxc6 Kxc6 35. Kd4 Bf8 36. b4 Be7 37. Bd2 Bd8 38. Ke4 Bb6 39. h3 Bd8 40. g4 Kd7
41. Bc3 Bh4 42. Bd2 Bg3 43. Bc3 Bf2 44. Bd2 Kc6 45. Bc3 Bb6 46. Bd2 Kb7 47. Bc3
Bc7 48. Bd2 a5 49. Bc3 a4 50. Bd4 Kc6 51. Bc3 Bb6 52. Bd2 Bd8 53. g5 Bb6 54. Bc3
Bf2 55. Bd2 Bg3 56. Bc1 Be1 57. Kd4 Bh4 58. Ke4 Bg3 59. Kd4 Bf2+ 60. Ke4 Bg1 61.
Bd2 Bb6 62. Bc3 Bf2 63. Bd2 Bh4 64. Kd4 Bg3 65. Ke4 Bh2 66. Kd4 Bg1+ 67. Ke4 Bf2
68. Bc1 Be1 69. Kd4 Kb6 70. Be3 Kc6 71. Bc1 1/2-1/2

[Event "33rd Leon Blitz Open 2020"]
[Site "chess.com INT"]
[Date "2020.07.14"]
[Round "1"]
[White "Arjun, Kalyan"]
[Black "Idrisov, Ildar F"]
[Result "1/2-1/2"]
[WhiteTitle "IM"]
[BlackTitle "FM"]
[WhiteElo "2477"]
[BlackElo "2282"]
[WhiteFideId "35018701"]
[BlackFideId "4151020"]
[EventDate "2020.07.14"]
[EventType "blitz"]

1. d4 d5 2. c4 e6 3. Nc3 Nf6 4. cxd5 exd5 5. Bg5 Be7 6. e3 O-O 7. Bd3 c6 8. Nge2
h6 9. Bh4 Be6 10. O-O Re8 11. Qc2 Bc8 12. f3 Nbd7 13. Rad1 Nf8 14. e4 dxe4 15.
fxe4 Ng4 16. Bxe7 Qxe7 17. Qc1 Qh4 18. h3 Nf6 19. e5 Nd5 20. Nxd5 cxd5 21. Rf4
Qe7 22. Rdf1 Be6 23. Ng3 Rac8 24. Qe3 Ng6 25. R4f2 Qg5 26. Qxg5 hxg5 27. Bxg6
fxg6 28. Ne2 g4 29. h4 Rc2 30. Nf4 Rc4 31. Rd2 g3 32. Ne2 Rec8 33. Nxg3 Rc2 34.
Rff2 Rxd2 35. Rxd2 Kf7 36. Ne2 g5 37. hxg5 Bf5 38. Nf4 Be4 39. Rf2 Ke7 40. Ne2
Rc2 41. Nc3 Rc1+ 42. Rf1 Rc2 43. Rf2 Rc1+ 44. Kh2 a6 45. Kg3 Ke6 46. Re2 Bg6 47.
Rf2 b5 48. Ne2 Rd1 49. Nf4+ Kf5 50. Nxg6+ Kxg6 51. Rf4 Rd2 52. b3 Rxa2 53. Rf2
Ra3 54. Rf3 Ra2 55. Re3 Kf7 56. Rc3 Rd2 57. Rc7+ Kf8 58. g6 Rxd4 59. Rf7+ Ke8
60. Ra7 Re4 61. Rxa6 Rxe5 62. Rb6 Re3+ 63. Kf4 Rxb3 64. Ke5 Rg3 65. Kxd5 b4 66.
Rxb4 Rxg2 67. Rb6 Ke7 68. Ke5 Rg5+ 69. Kf4 Rc5 70. Ra6 Rd5 71. Rb6 Rd6 72. Rb4
Kf6 73. Kg4 Kxg6 74. Ra4 Rf6 75. Rb4 Rd6 76. Ra4 Kh6 77. Rb4 g6 78. Ra4 Rd1 79.
Ra5 Rg1+ 80. Kh3 g5 81. Ra8 Rh1+ 82. Kg3 Rb1 83. Rh8+ Kg6 84. Rg8+ Kh6 85. Rh8+
Kg6 86. Rg8+ Kh6 87. Rh8+ 1/2-1/2

[Event "33rd Leon Blitz Open 2020"]
[Site "chess.com INT"]
[Date "2020.07.14"]
[Round "1"]
[White "Vaibhav, Suri"]
[Black "Boyer, Mahel"]
[Result "1/2-1/2"]
[WhiteTitle "GM"]
[BlackTitle "FM"]
[WhiteElo "2600"]
[BlackElo "2294"]
[WhiteFideId "5045185"]
[BlackFideId "45102422"]
[EventDate "2020.07.14"]
[EventType "blitz"]

1. e4 Nc6 2. Nc3 d5 3. exd5 Nb4 4. Bc4 Nf6 5. Nf3 Bf5 6. d3 Nbxd5 7. O-O e6 8.
Nxd5 exd5 9. Bb3 Be7 10. Bf4 O-O 11. h3 Bd6 12. Qd2 c6 13. Rfe1 Qc7 14. Bxd6
Qxd6 15. Re5 Bg6 16. Rae1 Rae8 17. Qg5 h6 18. Qh4 Rxe5 19. Nxe5 Re8 20. f4 Nd7
21. Qg3 Nxe5 22. fxe5 Qc5+ 23. Qf2 Qxf2+ 24. Kxf2 f6 25. exf6 Rxe1 26. Kxe1 gxf6
27. d4 Kf7 28. Kf2 Be4 29. g3 f5 30. Ke3 Kf6 31. Kf4 Bg2 32. h4 Be4 33. c3 Bb1
34. a3 Be4 35. Bd1 Bb1 36. b4 Be4 37. a4 a6 38. a5 Bd3 39. Bh5 Be4 40. Be8 Ke7
41. Bg6 Kf6 42. Bh7 Ke6 43. c4 dxc4 44. Bg8+ Kf6 45. Bxc4 Bd5 46. Bd3 Be6 47.
Be2 Bd7 48. Bf3 Be6 49. Bg2 Bf7 50. Bh3 Be6 51. Bf1 Bd5 52. Be2 Be6 53. Bd3 Bd7
54. Bc4 Be6 55. Be2 Bd5 56. Bd1 Be6 57. Bc2 Bd7 58. Ke3 Be6 59. Bb1 Bd5 60. Bd3
Be6 61. Be2 Bd5 62. Bh5 Be6 63. Bf3 Bd5 64. Be2 Be6 65. Bd1 Bd5 66. Kd3 Be6 67.
Kc3 Bd5 68. Bc2 Be6 69. Bd3 Bd5 70. Bc4 Ke6 71. Be2 Kf6 72. Bh5 Be6 73. Bf3 Bf7
74. Bd1 Bd5 75. Kd3 Be4+ 76. Ke3 Bd5 77. Kf4 Be6 78. Bc2 Bd7 79. Bd3 Be6 80. Bc2 1/2-1/2

[Event "33rd Leon Blitz Open 2020"]
[Site "chess.com INT"]
[Date "2020.07.14"]
[Round "1"]
[White "Gabriel, Robert"]
[Black "Buksa, Nataliya"]
[Result "0-1"]
[WhiteTitle "FM"]
[BlackTitle "IM"]
[WhiteElo "2236"]
[BlackElo "2410"]
[WhiteFideId "4606477"]
[BlackFideId "14123622"]
[EventDate "2020.07.14"]
[EventType "blitz"]

1. d4 d5 2. Nf3 e6 3. c4 Nf6 4. Nc3 Be7 5. Bg5 O-O 6. e3 h6 7. Bh4 Ne4 8. Bxe7
Qxe7 9. Rc1 c6 10. Bd3 Nxc3 11. Rxc3 dxc4 12. Bxc4 b6 13. O-O Nd7 14. Bd3 c5 15.
dxc5 Nxc5 16. Bb1 Bb7 17. Qe2 Rad8 18. Rd1 Rxd1+ 19. Qxd1 Rd8 20. Qe2 Qd7 21.
Rc1 a5 22. h3 Qd5 23. a3 Ba6 24. Qc2 Bd3 25. Qc3 Bxb1 26. Rxb1 Qd3 27. Qxd3 Rxd3
28. Kf1 Rb3 29. Nd2 Rb5 30. b3 Kf8 31. Ke2 Ke7 32. f3 e5 33. g4 f6 34. h4 Ke6
35. h5 Kd5 36. Rd1 Ke6 37. Rb1 Ke7 38. Ke1 Nb7 39. Ke2 Nd6 40. Kd3 Rd5+ 41. Kc3
Nb5+ 42. Kc4 Ke6 43. Rd1 Nxa3+ 44. Kc3 b5 45. Kb2 b4 46. Kc1 Nb5 47. Nc4 Rxd1+
48. Kxd1 Nc3+ 49. Kc2 a4 50. Nb6 a3 51. Nc4 Kd5 52. Nxa3 Ne2 53. Nc4 Ng1 54. f4
exf4 55. exf4 Ne2 56. f5 Ke4 57. Kd2 Nd4 58. Nd6+ Kf4 59. Ne8 Kxg4 60. Nxg7
Nxb3+ 61. Kd3 Nc5+ 62. Kc4 Ne4 63. Kxb4 Ng3 64. Ne8 Kg5 65. Kc4 Nxf5 66. Kd3 Ng3
67. Ke3 f5 68. Kf3 Nxh5 69. Nd6 Ng7 70. Nf7+ Kg6 71. Ne5+ Kf6 72. Nd3 Ne6 73.
Kg3 Kg5 74. Ne5 h5 75. Nf3+ Kg6 76. Kh4 Ng7 77. Ne5+ Kf6 78. Nd7+ Ke6 79. Nc5+
Ke5 80. Nd3+ Ke4 81. Nf2+ Kf3 82. Nh3 Ke4 83. Kg5 Ke5 84. Kg6 f4 85. Kxg7 Kf5
86. Kh6 Kg4 87. Nf2+ Kg3 88. Ne4+ Kf3 89. Ng5+ Kg4 90. Ne4 h4 91. Kg6 h3 92.
Nf2+ Kg3 93. Ne4+ Kg2 0-1